[Event "19th EUR-ch"]
[Site "Batumi GEO"]
[Date "2018.03.24"]
[Round "7.134"]
[White "Belous, Mikhail"]
[Black "Simonian, Latush"]
[Result "1-0"]
[WhiteElo "2355"]
[BlackElo "2111"]
[EventDate "2018.03.17"]
[PlyCount "61"]

1.d4 Nf6 2.c4 g6 3.f3 Bg7 4.e4 d6 5.Nc3 O-O 6.Be3 c5 7.Nge2 Nc6 8.d5 Ne5 
9.Ng3 h5 10.Be2 h4 11.Nf1 e6 12.Nd2 exd5 13.cxd5 a6 14.a4 Rb8 15.O-O Bd7 
16.h3 b5 17.f4 Nc4 18.Bxc4 bxc4 19.Nxc4 Nh5 20.Rf2 Qe7 21.e5 dxe5 22.fxe5 
Bxe5 23.Nxe5 Qxe5 24.Bxc5 Rfc8 25.Bd4 Qg5 26.Qd2 Qxd2 27.Rxd2 Bf5 28.d6 
Rc6 29.Bf2 Rf8 30.Rad1 g5 31.Nd5 1-0

[Event "19th EUR-ch"]
[Site "Batumi GEO"]
[Date "2018.03.24"]
[Round "7.135"]
[White "Day, Thomas W."]
[Black "Baglan, Esat"]
[Result "0-1"]
[WhiteElo "2083"]
[BlackElo "2341"]
[EventDate "2018.03.17"]
[PlyCount "108"]

1.e4 c5 2.Nf3 d6 3.d4 cxd4 4.Nxd4 Nf6 5.Nc3 Nc6 6.Nb3 g6 7.Be2 Bg7 8.O-O 
O-O 9.Be3 a5 10.a4 Nb4 11.Qd2 Bd7 12.f3 Rc8 13.Rac1 Ne8 14.Nd4 Nc7 15.Bh6 
Bxh6 16.Qxh6 Ne6 17.Nxe6 Qb6+ 18.Kh1 Bxe6 19.Qh4 f6 20.f4 Kg7 21.e5 d5 22.
Rf3 d4 23.Ne4 Bf5 24.Ng3 Bxc2 25.f5 g5 26.Qh5 d3 27.Ne4 d2 28.exf6+ exf6 
29.Nxd2 Qd4 30.Nf1 Qh4 31.Qxh4 gxh4 32.b3 Be4 33.Rxc8 Rxc8 34.Rf4 Bd5 35.
Rxh4 Bxb3 36.Bb5 Rc1 37.Kg1 Ra1 38.Kf2 Bxa4 39.Bc4 Bc6 40.Rg4+ Kf8 41.Ne3 
b5 42.Be6 Rb1 43.Rg8+ Ke7 44.Rg7+ Kd6 45.Rxh7 a4 46.g4 a3 47.h4 a2 48.Bxa2
Nxa2 49.g5 fxg5 50.hxg5 Nc3 51.Rg7 Kc5 52.g6 Ne4+ 53.Kf3 Rg1 54.Kf4 b4 0-1

[Event "19th EUR-ch"]
[Site "Batumi GEO"]
[Date "2018.03.24"]
[Round "7.136"]
[White "Ismayilov, Muhammad"]
[Black "Gharibian, Mamikon"]
[Result "1/2-1/2"]
[WhiteElo "2021"]
[BlackElo "2312"]
[EventDate "2018.03.17"]
[PlyCount "121"]

1.e4 e5 2.Nf3 Nc6 3.Bb5 a6 4.Ba4 Nf6 5.O-O Nxe4 6.d4 b5 7.Bb3 d5 8.Nxe5 
Nxe5 9.dxe5 Be6 10.Be3 c6 11.c3 Be7 12.Nd2 Bf5 13.Nxe4 Bxe4 14.Qg4 O-O 15.
f3 Bg6 16.f4 f5 17.exf6 Rxf6 18.f5 Qd7 19.Bc2 Raf8 20.Bd4 Bf7 21.Bxf6 Bxf6
22.a4 Rd8 23.axb5 axb5 24.Qb4 h6 25.Rfe1 Qc7 26.Qc5 d4 27.Ra7 Qf4 28.Rxf7 
Qd2 29.Rfe7 Qxc2 30.R7e2 Qd3 31.Qxc6 Qxf5 32.cxd4 Bxd4+ 33.Kh1 Kh7 34.Qf3 
Qxf3 35.gxf3 Bf6 36.Kg2 Kg6 37.Rc1 Rd3 38.Rcc2 Rb3 39.Kg3 Kf5 40.Rc5+ Kg6 
41.Rc6 Kf7 42.Rcc2 Kg6 43.Kf4 Rb4+ 44.Kg3 Kf5 45.Red2 Ke6 46.Rc6+ Kf7 47.
Rb6 Be5+ 48.Kh3 Bxb2 49.Rd7+ Kg8 50.Rd5 Bf6 51.Rdxb5 Ra4 52.Rb4 Ra2 53.Rg4
Kh7 54.Rbb4 Ra3 55.Rg3 Ra2 56.Rg2 Ra3 57.Kg4 Ra5 58.f4 Kg6 59.Re4 h5+ 60.
Kf3+ Kf5 61.Rc2 1/2-1/2

[Event "19th EUR-ch"]
[Site "Batumi GEO"]
[Date "2018.03.24"]
[Round "7.137"]
[White "Paramzina, Anastasya"]
[Black "Turan, Asim"]
[Result "1-0"]
[WhiteElo "2281"]
[BlackElo "2024"]
[EventDate "2018.03.17"]
[PlyCount "143"]

1.e4 e5 2.Nf3 Nc6 3.Bc4 Nf6 4.d3 Be7 5.O-O O-O 6.Re1 d6 7.a4 Na5 8.Ba2 c5 
9.Nbd2 Re8 10.Nf1 Bf8 11.Ng5 Re7 12.f4 h6 13.Nf3 Nc6 14.f5 d5 15.N1d2 b6 
16.c3 dxe4 17.dxe4 Ba6 18.Nh4 Kh8 19.Qf3 Rd7 20.Nc4 Bxc4 21.Bxc4 Na5 22.
Bb5 Rd6 23.Qf1 Qc7 24.Nf3 Rdd8 25.Bc4 Rd7 26.Bd2 Rad8 27.Rad1 Nxc4 28.Qxc4
Rd3 29.Re2 Qe7 30.Rf1 R3d7 31.Be1 Nh7 32.Bg3 f6 33.Bh4 Qe8 34.Ree1 Rd3 35.
Ra1 Be7 36.Rfb1 R8d7 37.a5 Bd8 38.a6 Qh5 39.Qb5 Qg4 40.Re1 Nf8 41.Bg3 Be7 
42.Qc4 h5 43.Kf2 h4 44.Nxh4 Rd2+ 45.Re2 b5 46.Qxb5 Qxe4 47.Re1 c4 48.Qxd7 
Qxe2+ 49.Rxe2 Rxd7 50.Re4 Rc7 51.Ke2 Kg8 52.Nf3 Nd7 53.Nd2 Nb8 54.Rxc4 
Nxa6 55.Bf2 Rd7 56.Rc8+ Kf7 57.Ne4 Rb7 58.b4 Nb8 59.Bxa7 Rxa7 60.Rxb8 Ra2+
61.Nd2 g6 62.g4 gxf5 63.gxf5 Bf8 64.Rb7+ Kg8 65.Kd3 Bh6 66.Ne4 Bg7 67.h4 
Rh2 68.b5 Rh3+ 69.Kc4 Rxh4 70.Kd5 Rf4 71.b6 Rxf5 72.Rxg7+ 1-0

[Event "19th EUR-ch"]
[Site "Batumi GEO"]
[Date "2018.03.24"]
[Round "7.138"]
[White "Ahadzade, Kanan"]
[Black "Sargsian, Anna M."]
[Result "0-1"]
[WhiteElo "1965"]
[BlackElo "2188"]
[EventDate "2018.03.17"]
[PlyCount "94"]

1.e4 c6 2.d4 d5 3.Nc3 dxe4 4.Nxe4 Nd7 5.Nf3 Ngf6 6.Ng3 e6 7.Bd3 c5 8.O-O 
cxd4 9.Nxd4 Bc5 10.Be2 O-O 11.Nb3 Be7 12.c4 Qc7 13.Be3 b6 14.Bf3 Rb8 15.
Rc1 Ba6 16.Nd4 Rbe8 17.Qa4 Nc5 18.Qc2 Bb7 19.b4 Ncd7 20.Bxb7 Qxb7 21.Rb1 
Rc8 22.Qe2 Ne5 23.Rfc1 Rfd8 24.h3 Qa6 25.f4 Nxc4 26.b5 Qa3 27.Rb3 Qxc1+ 
28.Bxc1 Bc5 29.Kh2 Bxd4 30.Rd3 Rd5 31.Rd1 h5 32.Qf3 Rcd8 33.Ne2 Ne5 34.Qb3
Nfg4+ 35.hxg4 Nxg4+ 36.Kh3 Nf2+ 37.Kh2 Nxd1 38.Qxd1 Bc5 39.Qc2 Rd1 40.Qe4 
Re1 41.Qf3 Rdd1 42.Bb2 Rh1+ 43.Kg3 f5 44.Qa8+ Kh7 45.Nd4 Rdf1 46.Nxf5 exf5
47.Bf6 Bg1 0-1

[Event "19th EUR-ch"]
[Site "Batumi GEO"]
[Date "2018.03.24"]
[Round "7.139"]
[White "Lomaia, Diana"]
[Black "Burnett, Andrew"]
[Result "1/2-1/2"]
[WhiteElo "1742"]
[BlackElo "2183"]
[EventDate "2018.03.17"]
[PlyCount "116"]

1.e4 c5 2.Nf3 d6 3.Bb5+ Nd7 4.d4 cxd4 5.Qxd4 e5 6.Qd3 a6 7.Bxd7+ Bxd7 8.c4
b5 9.Nc3 bxc4 10.Qxc4 Be6 11.Qc6+ Bd7 12.Qc4 Qc8 13.Qxc8+ Rxc8 14.Be3 h6 
15.O-O Nf6 16.h3 Be7 17.Rac1 O-O 18.Nd2 Be6 19.Rfd1 d5 20.exd5 Nxd5 21.
Nxd5 Bxd5 22.b3 Rxc1 23.Rxc1 f5 24.f3 Rd8 25.Rc2 Rd7 26.Kf1 h5 27.Ke2 g5 
28.Nc4 Rc7 29.Rc1 e4 30.fxe4 Bxe4 31.Kf2 f4 32.Bb6 Rc6 33.Re1 Re6 34.Nd2 
Bd5 35.Rxe6 Bxe6 36.Ne4 Kf7 37.Bc5 Bd8 38.Nc3 Bc7 39.Ne2 Kg6 40.Nd4 Bd5 
41.a4 g4 42.hxg4 hxg4 43.b4 Kf6 44.b5 axb5 45.axb5 Ke5 46.Nc2 Bb7 47.Nb4 
Ke4 48.Na6 Be5 49.Bb6 Kd5 50.Nb4+ Kc4 51.Nc6 Bc3 52.Na5+ Kxb5 53.Nxb7 Kxb6
54.Nd6 Kc6 55.Nf5 Kd5 56.Nh6 Bd4+ 57.Ke2 f3+ 58.gxf3 gxf3+ 1/2-1/2

[Event "19th EUR-ch"]
[Site "Batumi GEO"]
[Date "2018.03.24"]
[Round "7.140"]
[White "Eynullayev, Altay"]
[Black "Suleymanli, Suleyman"]
[Result "1-0"]
[WhiteElo "2163"]
[BlackElo "1763"]
[EventDate "2018.03.17"]
[PlyCount "139"]

1.d4 d5 2.c4 c6 3.Nf3 Nf6 4.g3 e6 5.Bg2 Nbd7 6.O-O Be7 7.Qc2 O-O 8.Nbd2 b6
9.e4 Ba6 10.b3 Rc8 11.Bb2 Qc7 12.Rfd1 Rfd8 13.Rac1 Qb8 14.Re1 Bf8 15.e5 
Ne8 16.Ng5 g6 17.Qd3 Be7 18.h4 Ng7 19.Qf3 Rf8 20.Nf1 h6 21.Nh3 Bb7 22.Ne3 
h5 23.Ng5 a5 24.Rc2 b5 25.Rec1 b4 26.cxd5 cxd5 27.Rxc8 Bxc8 28.Qe2 Nb6 29.
g4 Qa7 30.Bf3 Ba6 31.Qd1 Bxg5 32.hxg5 hxg4 33.Nxg4 Nf5 34.Nf6+ Kg7 35.Bg4 
Ne7 36.Kg2 Rh8 37.Rc5 a4 38.Qc2 Qb8 39.Qd2 axb3 40.axb3 Nbc8 41.Qf4 Nf5 
42.Bxf5 gxf5 43.Qc1 Ne7 44.Rc7 Qb5 45.Qd1 Ng6 46.Bc1 Nh4+ 47.Kg3 f4+ 48.
Kxf4 Nf5 49.Ng4 Rh4 50.f3 Kg6 51.Be3 Rh3 52.Rc2 Nh4 53.Rf2 Qe2 54.Qxe2 
Bxe2 55.Nh2 Nf5 56.Rxe2 Ng3 57.Kg4 Nxe2 58.Kxh3 Nc3 59.Kg2 Nb5 60.Kf2 Na3 
61.Ke2 Nc2 62.Nf1 Kf5 63.Kd1 Na3 64.Ng3+ Kg6 65.Ne2 Kf5 66.Nc1 Nb5 67.Nd3 
Nc3+ 68.Kd2 Nb1+ 69.Kc2 Na3+ 70.Kb2 1-0

[Event "19th EUR-ch"]
[Site "Batumi GEO"]
[Date "2018.03.24"]
[Round "7.141"]
[White "Valiyev, Shahin"]
[Black "Kuchava, Ana"]
[Result "0-1"]
[WhiteElo "1634"]
[BlackElo "2149"]
[EventDate "2018.03.17"]
[PlyCount "64"]

1.e4 c5 2.Nf3 d6 3.d4 cxd4 4.Nxd4 Nf6 5.Nc3 Nc6 6.Bg5 e6 7.Qd2 Qb6 8.Nb3 
Be7 9.g4 a6 10.Be3 Qc7 11.g5 Ng4 12.O-O-O Nxe3 13.Qxe3 Bd7 14.f4 O-O-O 15.
h4 h6 16.Bh3 Kb8 17.Kb1 hxg5 18.hxg5 Na5 19.Nxa5 Qxa5 20.f5 Qe5 21.Rhf1 
Rh5 22.g6 fxg6 23.fxe6 Bxe6 24.Bxe6 Qxe6 25.Nd5 Bg5 26.Qb6 Rc8 27.Rd3 Bd8 
28.Qd4 Rh4 29.Re1 Qe5 30.Qa4 g5 31.Rb3 Qxd5 32.Qxa6 Qxb3 0-1

[Event "19th EUR-ch"]
[Site "Batumi GEO"]
[Date "2018.03.24"]
[Round "7.142"]
[White "Gebigke, Martin"]
[Black "Janiashvili, Mariami"]
[Result "1/2-1/2"]
[WhiteElo "2132"]
[BlackElo "1987"]
[EventDate "2018.03.17"]
[PlyCount "78"]

1.d4 g6 2.c4 Bg7 3.Nf3 d6 4.Nc3 Bg4 5.g3 Bxf3 6.exf3 e6 7.Bg2 Ne7 8.O-O d5
9.f4 c6 10.c5 O-O 11.Rb1 b6 12.b4 Nd7 13.Bb2 Rb8 14.Ba1 bxc5 15.dxc5 a5 
16.a3 Qc7 17.Qd2 Rb7 18.Ne2 Bxa1 19.Rxa1 Rfb8 20.Rfc1 axb4 21.axb4 Rxb4 
22.Nd4 Nf6 23.f3 Nd7 24.Bh3 Nf8 25.Bf1 Nf5 26.Nc2 Rb2 27.Qe1 Qb7 28.g4 Ne7
29.Ra6 Ra8 30.Rxa8 Qxa8 31.Qc3 Qb8 32.Qf6 Qb3 33.Qxe7 Rxc2 34.Rxc2 Qxc2 
35.h4 Qd2 36.Qd6 Qe3+ 37.Kg2 Qd2+ 38.Kg1 Qe3+ 39.Kg2 Qd2+ 1/2-1/2

[Event "19th EUR-ch"]
[Site "Batumi GEO"]
[Date "2018.03.24"]
[Round "7.143"]
[White "Demircioglu, Emre"]
[Black "Soyunlu, Narmin"]
[Result "1-0"]
[WhiteElo "2285"]
[BlackElo "2035"]
[EventDate "2018.03.17"]
[PlyCount "129"]

1.d4 Nf6 2.c4 e6 3.Nf3 b6 4.g3 Ba6 5.b3 Bb4+ 6.Bd2 Be7 7.Bg2 d5 8.cxd5 
exd5 9.O-O O-O 10.Nc3 Bb7 11.Bf4 Na6 12.Ne5 Qc8 13.Bg5 Rd8 14.Rc1 h6 15.
Bxf6 Bxf6 16.f4 Qe6 17.e3 c6 18.Qh5 Nc7 19.Ne2 Qe7 20.Kh1 c5 21.Nc3 Rab8 
22.Rcd1 Rd6 23.Rf2 Rbd8 24.Rfd2 Ba8 25.Ne2 Bb7 26.Nc3 Ba8 27.Ng4 R6d7 28.
Qf5 Ne6 29.Qh5 Nc7 30.Qf5 Ne8 31.Ne5 Bxe5 32.fxe5 Nc7 33.Ne2 Bc6 34.Nf4 
Ne6 35.dxc5 Nxf4 36.gxf4 bxc5 37.Rc1 Bb7 38.Rdc2 d4 39.Bxb7 Rxb7 40.exd4 
cxd4 41.Qd3 Qd7 42.Rc5 g6 43.h3 Qf5 44.Qxf5 gxf5 45.Rc8 Rb8 46.Rxb8 Rxb8 
47.Kg2 Rd8 48.Kf2 Rd7 49.Ke2 Kg7 50.Kd3 f6 51.e6 Rd6 52.Rc7+ Kf8 53.e7+ 
Ke8 54.Rxa7 h5 55.h4 Rd5 56.b4 Rb5 57.a3 Rd5 58.a4 Rd6 59.b5 Re6 60.Kxd4 
Re4+ 61.Kd5 Rxf4 62.Ke6 Re4+ 63.Kxf6 f4 64.Ra8+ Kd7 65.Rd8+ 1-0

[Event "19th EUR-ch"]
[Site "Batumi GEO"]
[Date "2018.03.24"]
[Round "7.144"]
[White "Mochalin, Faddey"]
[Black "Trisha, Kanyamarala"]
[Result "0-1"]
[WhiteElo "2110"]
[BlackElo "1956"]
[EventDate "2018.03.17"]
[PlyCount "138"]

1.d4 d5 2.c4 e6 3.Nc3 Nf6 4.cxd5 exd5 5.Bg5 Be7 6.e3 c6 7.Qc2 Nbd7 8.Bd3 
h6 9.Bh4 Nh5 10.Bxe7 Qxe7 11.O-O-O Nb6 12.h3 Be6 13.Nf3 Nf6 14.Kb1 O-O-O 
15.Rc1 Kb8 16.Na4 Nxa4 17.Qxa4 Nd7 18.Rc3 Nb6 19.Qa5 Qc7 20.Rhc1 Nd7 21.
Qa4 Nb6 22.Qb4 f6 23.Nd2 Qd6 24.Qa5 Qc7 25.b4 Qd6 26.Ra3 Nc8 27.Nb3 Bd7 
28.b5 cxb5 29.Nc5 a6 30.Rac3 Na7 31.Qb4 Be8 32.Qb2 Ka8 33.a4 Qb6 34.Bf5 
Bf7 35.Nd7 Qd6 36.Nc5 Qb6 37.a5 Qd6 38.Qc2 Be8 39.Ne6 Nc6 40.Nxd8 Qxd8 41.
Qa2 Qd6 42.Rc5 Bf7 43.Bd3 Ka7 44.Ka1 g5 45.Rb1 Rb8 46.Qd2 Qd8 47.Rc2 Nxa5 
48.Ra2 Nc4 49.Qb4 Be8 50.Qc5+ b6 51.Qf8 h5 52.Rb3 a5 53.Rb1 Bc6 54.Qf7+ 
Rb7 55.Qxh5 Qd6 56.Qd1 a4 57.Qe1 Kb8 58.Qb4 Qxb4 59.Rxb4 Ka7 60.Kb1 Ka6 
61.Kc2 Ka5 62.Kc3 Nd6 63.Rab2 Rc7 64.Rb1 Bd7+ 65.Kd2 a3 66.R4b3 b4 67.Bc2 
Ba4 68.Rxb4 Rxc2+ 69.Kd3 Rxf2 0-1

[Event "19th EUR-ch"]
[Site "Batumi GEO"]
[Date "2018.03.24"]
[Round "7.145"]
[White "Asatrian, Gor"]
[Black "Samadov, Read"]
[Result "1/2-1/2"]
[WhiteElo "1852"]
[BlackElo "2099"]
[EventDate "2018.03.17"]
[PlyCount "75"]

1.e4 e6 2.d4 d5 3.Nd2 c5 4.dxc5 Bxc5 5.Bd3 Nc6 6.Ngf3 Nge7 7.O-O O-O 8.Qe2
Qc7 9.e5 f6 10.Nb3 Bb6 11.exf6 Rxf6 12.c4 a5 13.Bg5 Rf7 14.Rac1 a4 15.Nbd2
Nf5 16.Bb1 h6 17.Bh4 Bd7 18.Qd3 Ne5 19.Nxe5 Qxe5 20.Nf3 Qd6 21.Bg3 Nxg3 
22.Qh7+ Kf8 23.hxg3 Rxf3 24.Bg6 Rxf2 25.Rxf2+ Bxf2+ 26.Kxf2 Qc5+ 27.Ke2 
Ke7 28.Qxg7+ Kd6 29.Qxh6 Qd4 30.c5+ Kc6 31.Qf4 Qxf4 32.gxf4 Rg8 33.Bc2 
Rxg2+ 34.Kf3 Rd2 35.Bxa4+ Kc7 36.Rc2 Rd3+ 37.Ke2 Rh3 38.Bxd7 1/2-1/2

[Event "19th EUR-ch"]
[Site "Batumi GEO"]
[Date "2018.03.24"]
[Round "7.146"]
[White "Ziroian, David"]
[Black "Orujov, Farid"]
[Result "1-0"]
[WhiteElo "2080"]
[BlackElo "1770"]
[EventDate "2018.03.17"]
[PlyCount "83"]

1.e4 d5 2.exd5 Nf6 3.d4 Nxd5 4.Nf3 Bg4 5.Be2 Nc6 6.O-O e6 7.h3 Bh5 8.c3 
Be7 9.Ne5 Bxe2 10.Qxe2 O-O 11.Nxc6 bxc6 12.Rd1 Rb8 13.c4 Nb6 14.b3 Bf6 15.
Bb2 Qd7 16.Nd2 c5 17.Ne4 cxd4 18.Nxf6+ gxf6 19.Rxd4 Qe7 20.Qh5 Rfd8 21.
Rg4+ Kf8 22.Qxh7 Ke8 23.Rg8+ Kd7 24.Rd1+ Nd5 25.Rxd8+ Rxd8 26.cxd5 Kc8 27.
Qe4 Qc5 28.Bxf6 Rxd5 29.Rxd5 exd5 30.Qe3 Qc6 31.Bd4 a6 32.h4 Qg6 33.Qe5 
Qb1+ 34.Kh2 Qxa2 35.h5 Qxb3 36.h6 Qd3 37.Qg7 Qf5 38.h7 Qh5+ 39.Kg3 Qf5 40.
Qg4 Qxg4+ 41.Kxg4 Kb7 42.h8=Q 1-0

[Event "19th EUR-ch"]
[Site "Batumi GEO"]
[Date "2018.03.24"]
[Round "7.147"]
[White "Naqopia, Giorgi"]
[Black "Henseler, Jorgen"]
[Result "0-1"]
[WhiteElo "1849"]
[BlackElo "2043"]
[EventDate "2018.03.17"]
[PlyCount "64"]

1.d4 Nf6 2.Nf3 g6 3.Bg5 Bg7 4.Nbd2 d5 5.e3 O-O 6.Bd3 c5 7.c3 Qb6 8.Rb1 Nc6
9.O-O e5 10.Nxe5 Nxe5 11.dxe5 Ng4 12.Nf3 Nxe5 13.Nxe5 Bxe5 14.Qf3 Be6 15.
Bf6 Bg4 16.Qxg4 Bxf6 17.Rfd1 Rad8 18.h4 Rfe8 19.h5 Bg7 20.hxg6 hxg6 21.Qf3
Re6 22.g3 Qc7 23.e4 c4 24.Bc2 d4 25.cxd4 Bxd4 26.Rd2 Rf6 27.Qg2 c3 28.bxc3
Qxc3 29.Re2 Rxf2 30.Rxf2 Qxc2 31.Rxb7 Bxf2+ 32.Qxf2 Rd1+ 0-1

[Event "19th EUR-ch"]
[Site "Batumi GEO"]
[Date "2018.03.24"]
[Round "7.148"]
[White "Martsvalashvili, Ruzvelt"]
[Black "Morozov, Vitalij"]
[Result "0-1"]
[WhiteElo "1671"]
[BlackElo "2039"]
[EventDate "2018.03.17"]
[PlyCount "82"]

1.e4 c5 2.Nf3 d6 3.d4 cxd4 4.Nxd4 Nf6 5.Nc3 g6 6.Be3 Bg7 7.f3 Nc6 8.Qd2 h5
9.Bc4 Bd7 10.O-O-O a6 11.h4 b5 12.Nxc6 Bxc6 13.Bb3 a5 14.e5 Nd7 15.exd6 e6
16.a3 b4 17.Na4 bxa3 18.bxa3 Qf6 19.c3 Rb8 20.Kc2 O-O 21.Nb2 Rb7 22.Bc4 
Rfb8 23.Rb1 Ne5 24.Ba6 Qf5+ 25.Kc1 Rb3 26.Bd4 Rxa3 27.Qg5 Rab3 28.Qxf5 
gxf5 29.Kc2 Ng6 30.Bxg7 Kxg7 31.Rhd1 R3b6 32.Be2 Nxh4 33.Rh1 Ng6 34.g3 Ne5
35.Rhf1 Kf8 36.Rh1 Nxf3 37.Rxh5 Be4+ 38.Bd3 Ne1+ 39.Kd2 Nxd3 40.Rh8+ Kg7 
41.Rxb8 Rxb8 0-1

[Event "19th EUR-ch"]
[Site "Batumi GEO"]
[Date "2018.03.24"]
[Round "7.149"]
[White "Pipia, Ekaterine"]
[Black "Yeremian, Alen"]
[Result "0-1"]
[WhiteElo "1737"]
[BlackElo "1961"]
[EventDate "2018.03.17"]
[PlyCount "96"]

1.d4 Nf6 2.c4 g6 3.Nc3 Bg7 4.Nf3 O-O 5.e4 d6 6.h3 e5 7.d5 Nh5 8.g3 f5 9.
Be2 Nf6 10.Bg5 h6 11.Bxf6 Qxf6 12.Qc2 Na6 13.O-O-O Nc5 14.Nd2 h5 15.g4 
fxg4 16.hxg4 Bxg4 17.Bxg4 hxg4 18.Rdg1 Qg5 19.Rg2 Bh6 20.Rgh2 Bg7 21.Kb1 
g3 22.fxg3 Qxg3 23.Rh3 Qg4 24.Rh4 Qg5 25.R4h2 Rf6 26.Qd1 Nd3 27.Rg1 Qe3 
28.Rhg2 Nf2 29.Qc2 Raf8 30.Rxg6 Rxg6 31.Rxg6 Kh7 32.Rg1 Bh6 33.Nb3 Kh8 34.
Rf1 Rf4 35.Ka1 Nd3 36.Rxf4 exf4 37.Qh2 f3 38.Nd1 Qf4 39.Qh1 f2 40.Qf1 Qxe4
41.Qh3 Kg7 42.Qg3+ Kh7 43.Qh3 Qe2 44.Qf5+ Kg7 45.Qd7+ Kg6 46.Qf5+ Kxf5 47.
Nd4+ Kg6 48.Nxe2 f1=Q 0-1

[Event "19th EUR-ch"]
[Site "Batumi GEO"]
[Date "2018.03.24"]
[Round "7.150"]
[White "Tskipurishvili, Daviti"]
[Black "Tsotsonava, Elene"]
[Result "0-1"]
[WhiteElo "1710"]
[BlackElo "1789"]
[EventDate "2018.03.17"]
[PlyCount "70"]

1.d4 Nf6 2.c4 e6 3.Nf3 b6 4.g3 Ba6 5.b3 Bb4+ 6.Bd2 Be7 7.Bg2 c6 8.Qc2 d5 
9.O-O O-O 10.Bf4 Nbd7 11.Nbd2 Rc8 12.e4 c5 13.exd5 exd5 14.Rfd1 b5 15.cxb5
Bxb5 16.Qb2 Qb6 17.Re1 Rfe8 18.Rac1 Ba6 19.Ne5 cxd4 20.Nxd7 Nxd7 21.Rxc8 
Bxc8 22.Bxd5 Nf6 23.Bc4 Bb7 24.f3 Bd6 25.Rxe8+ Nxe8 26.Bxd6 Nxd6 27.Bd3 
Qc5 28.Qc2 Qxc2 29.Bxc2 Ba6 30.Kf2 Kf8 31.Ne4 Nxe4+ 32.Bxe4 Ke7 33.Ke1 Ke6
34.f4 h6 35.Kd2 Kd6 0-1

[Event "19th EUR-ch"]
[Site "Batumi GEO"]
[Date "2018.03.25"]
[Round "8.2"]
[White "Wojtaszek, Radoslaw"]
[Black "Demchenko, Anton"]
[Result "1-0"]
[WhiteElo "2738"]
[BlackElo "2672"]
[EventDate "2018.03.17"]
[PlyCount "129"]

1.d4 Nf6 2.c4 g6 3.Nc3 Bg7 4.e4 O-O 5.Nf3 d6 6.Be2 e5 7.O-O Na6 8.Be3 c6 
9.Qc2 Ng4 10.Bg5 Qe8 11.Rad1 f6 12.Bh4 Kh8 13.h3 Nh6 14.Rfe1 Nf7 15.a3 Nc7
16.b4 Ne6 17.d5 Nf4 18.c5 cxd5 19.Bb5 Bd7 20.Bxd7 Qxd7 21.Nxd5 Nxd5 22.
Rxd5 Qc7 23.Rc1 Rac8 24.Qa4 a6 25.Nd2 Qc6 26.Qxc6 Rxc6 27.Nb3 Rfc8 28.Rcd1
g5 29.Bg3 Bf8 30.Na5 R6c7 31.cxd6 Rd7 32.f3 b6 33.Nb3 Rc3 34.R1d3 Rxd3 35.
Rxd3 Bxd6 36.Bf2 Rb7 37.Nd2 b5 38.Nb3 Rc7 39.Kf1 Kg8 40.Bc5 Bxc5 41.Nxc5 
a5 42.Rd5 axb4 43.axb4 h5 44.Nd3 Rc3 45.Nf2 Rb3 46.Rxb5 Nd6 47.Rb6 Nc4 48.
Rxf6 Kg7 49.Rc6 Ne3+ 50.Ke2 Nxg2 51.Nd3 Nf4+ 52.Nxf4 exf4 53.Rc5 Kg6 54.b5
Rb2+ 55.Kd3 Rb3+ 56.Kc4 Rxf3 57.b6 Rf1 58.Rb5 Rc1+ 59.Kd5 Rd1+ 60.Kc6 Rd8 
61.b7 g4 62.hxg4 hxg4 63.Rf5 g3 64.Rxf4 Kg5 65.Rf1 1-0

[Event "19th EUR-ch"]
[Site "Batumi GEO"]
[Date "2018.03.25"]
[Round "8.3"]
[White "Siugirov, Sanan"]
[Black "Navara, David"]
[Result "1/2-1/2"]
[WhiteElo "2652"]
[BlackElo "2737"]
[EventDate "2018.03.17"]
[PlyCount "82"]

1.e4 c5 2.Nf3 d6 3.d4 cxd4 4.Nxd4 Nf6 5.Nc3 a6 6.Be2 e6 7.Be3 Qc7 8.Qd2 b5
9.f3 Bb7 10.a4 b4 11.Na2 d5 12.e5 Nfd7 13.f4 Nc5 14.O-O Ne4 15.Qe1 Qb6 16.
a5 Qxa5 17.Nc3 Qb6 18.Nxe4 dxe4 19.Qg3 g6 20.f5 Bc5 21.fxe6 Bxd4 22.exf7+ 
Kf8 23.Bxd4 Qxd4+ 24.Kh1 Nc6 25.e6 Qe5 26.Qe3 Kg7 27.Rad1 Qxe6 28.Qc5 Qe7 
29.Qxe7 Nxe7 30.Rd7 Bd5 31.Rxe7 Rhf8 32.Kg1 Rac8 33.c3 bxc3 34.bxc3 a5 35.
Re5 Bxf7 36.Rxa5 Rxc3 37.Ra7 Kg8 38.Re7 e3 39.h4 Bb3 40.Re1 Rf4 41.h5 Rf7 
1/2-1/2

[Event "19th EUR-ch"]
[Site "Batumi GEO"]
[Date "2018.03.25"]
[Round "8.4"]
[White "Nabaty, Tamir"]
[Black "Rakhmanov, Aleksandr"]
[Result "1-0"]
[WhiteElo "2690"]
[BlackElo "2655"]
[EventDate "2018.03.17"]
[PlyCount "101"]

1.d4 d5 2.Bf4 e6 3.e3 Nf6 4.Nf3 Bd6 5.Bxd6 Qxd6 6.c4 c5 7.cxd5 Nxd5 8.e4 
Ne7 9.Na3 O-O 10.Nc4 Qf4 11.dxc5 Qxe4+ 12.Be2 Na6 13.Rc1 Nxc5 14.Qd6 b6 
15.Qxe7 Nd3+ 16.Kd2 Nf4 17.Ne3 Ba6 18.Bxa6 Rfd8+ 19.Ke1 Nxg2+ 20.Ke2 Nf4+ 
21.Kf1 Qxf3 22.Rg1 Rac8 23.Rxc8 Rxc8 24.Ke1 h6 25.Rg3 Qh1+ 26.Bf1 Qe4 27.
Qd7 Rc1+ 28.Kd2 Rb1 29.Qc8+ Kh7 30.Qc2 Qxc2+ 31.Kxc2 Re1 32.Kd2 Ra1 33.a3 
g5 34.Nd1 Nd5 35.Bc4 Nf6 36.Bd3+ Kg7 37.Bc2 Nd5 38.Rd3 h5 39.Bb3 Nf6 40.f3
g4 41.fxg4 hxg4 42.Kc2 b5 43.Rd6 a5 44.Rb6 a4 45.Ba2 Ne4 46.Rxb5 Kf6 47.
Bb1 Kg6 48.Nc3 Nd6 49.Rb4 f5 50.b3 Rxa3 51.bxa4 1-0

[Event "19th EUR-ch"]
[Site "Batumi GEO"]
[Date "2018.03.25"]
[Round "8.5"]
[White "McShane, Luke"]
[Black "Naer, Evgeny"]
[Result "1-0"]
[WhiteElo "2647"]
[BlackElo "2683"]
[EventDate "2018.03.17"]
[PlyCount "95"]

1.c4 e5 2.g3 Nf6 3.Bg2 c6 4.d4 e4 5.Nc3 d5 6.Bg5 Be7 7.Nh3 dxc4 8.O-O O-O 
9.Bxf6 Bxf6 10.e3 c5 11.dxc5 Na6 12.c6 bxc6 13.Nf4 Qxd1 14.Raxd1 Rb8 15.
Rd6 Rxb2 16.Nxe4 Be5 17.Rxc6 Nb4 18.Rc5 f6 19.a3 Nd3 20.Nxd3 cxd3 21.f4 
Bb8 22.Rd1 Bb7 23.Nf2 Bxg2 24.Kxg2 Rd8 25.Rc3 d2 26.Nd3 Ra2 27.Nb4 Rb2 28.
Kf3 Bd6 29.Rd3 Be7 30.Nd5 Kf7 31.e4 Rdb8 32.Nxe7 Kxe7 33.h4 R8b3 34.Rxd2 
Rxa3 35.Rxa3 Rxd2 36.Rxa7+ Kf8 37.h5 Kg8 38.Ra8+ Kf7 39.Ra7+ Kg8 40.h6 
gxh6 41.Kg4 Rd3 42.Kf5 Rxg3 43.Kxf6 Rg6+ 44.Kf5 h5 45.e5 h4 46.e6 h3 47.
Ra8+ Kg7 48.e7 1-0

[Event "19th EUR-ch"]
[Site "Batumi GEO"]
[Date "2018.03.25"]
[Round "8.6"]
[White "Mamedov, Rauf"]
[Black "Paravian, David"]
[Result "1-0"]
[WhiteElo "2709"]
[BlackElo "2613"]
[EventDate "2018.03.17"]
[PlyCount "57"]

1.e4 e5 2.Nf3 Nc6 3.Bc4 Bc5 4.c3 Nf6 5.d3 O-O 6.a4 a5 7.O-O d6 8.Bg5 h6 9.
Bh4 g5 10.Bg3 Kg7 11.Re1 Bb6 12.Nbd2 Ng8 13.d4 h5 14.h3 Nh6 15.Nf1 g4 16.
Bh4 f6 17.N3h2 exd4 18.Ng3 Qe8 19.Nf5+ Bxf5 20.exf5 Ne5 21.Be6 dxc3 22.
bxc3 Kh7 23.Kh1 Rd8 24.f4 Qc6 25.Bd5 Qxc3 26.fxe5 dxe5 27.hxg4 Qc5 28.g5 
fxg5 29.Qxh5 1-0

[Event "19th EUR-ch"]
[Site "Batumi GEO"]
[Date "2018.03.25"]
[Round "8.7"]
[White "Yakovenko, Dmitry"]
[Black "Safarli, Eltaj"]
[Result "1/2-1/2"]
[WhiteElo "2746"]
[BlackElo "2639"]
[EventDate "2018.03.17"]
[PlyCount "70"]

1.e4 c5 2.Nf3 Nf6 3.Nc3 d5 4.exd5 Nxd5 5.Bb5+ Bd7 6.a4 Nf6 7.O-O e6 8.Ne5 
a6 9.Nxd7 Nbxd7 10.Bc4 Ne5 11.Ba2 Nc6 12.d3 Be7 13.Bf4 O-O 14.Qd2 Qb6 15.
Rfe1 Nd4 16.Nd1 Bd6 17.Bg3 Bxg3 18.hxg3 Nc6 19.Bc4 Qa5 20.Qxa5 Nxa5 21.Ne3
Rfb8 22.Ra3 Ne8 23.Ba2 Nd6 24.Rb1 b5 25.axb5 axb5 26.Ra1 Nc6 27.Bb3 Rxa3 
28.Rxa3 Kf8 29.c3 Ke7 30.Ra6 Kd7 31.Bd1 Kc7 32.Bf3 Ne5 33.Be2 Nc6 34.Bf3 
Ne5 35.Be2 Nc6 1/2-1/2

[Event "19th EUR-ch"]
[Site "Batumi GEO"]
[Date "2018.03.25"]
[Round "8.8"]
[White "Matlakov, Maxim"]
[Black "Alekseenko, Kirill"]
[Result "1-0"]
[WhiteElo "2707"]
[BlackElo "2609"]
[EventDate "2018.03.17"]
[PlyCount "59"]

1.d4 d5 2.Nf3 Nf6 3.c4 dxc4 4.e3 Bg4 5.Bxc4 e6 6.Nc3 Be7 7.h3 Bh5 8.g4 Bg6
9.h4 Ne4 10.h5 Nxc3 11.bxc3 Be4 12.Bd3 Qd5 13.Rh3 Nd7 14.c4 Qc6 15.Be2 O-O
16.Nd2 f5 17.Nxe4 fxe4 18.Qb3 e5 19.c5+ Kh8 20.h6 gxh6 21.Bb2 Rad8 22.Rh5 
Qg6 23.dxe5 Nxc5 24.e6+ Rf6 25.Qc4 b6 26.Rf5 h5 27.Rd1 Rxd1+ 28.Kxd1 hxg4 
29.Qd5 g3 30.Rxf6 1-0

[Event "19th EUR-ch"]
[Site "Batumi GEO"]
[Date "2018.03.25"]
[Round "8.9"]
[White "Bok, Benjamin"]
[Black "Cheparinov, Ivan"]
[Result "1/2-1/2"]
[WhiteElo "2622"]
[BlackElo "2693"]
[EventDate "2018.03.17"]
[PlyCount "105"]

1.c4 f5 2.d4 Nf6 3.g3 g6 4.Bg2 Bg7 5.Nf3 O-O 6.O-O d6 7.Nc3 c6 8.b3 a5 9.
Bb2 Na6 10.Re1 Qc7 11.e4 e5 12.c5 dxc5 13.dxe5 Nxe4 14.Qe2 Nxc3 15.Bxc3 
Qe7 16.Bxa5 Be6 17.Rad1 Nb4 18.Bxb4 cxb4 19.Rd6 Ra5 20.Qd2 Rd5 21.Rxd5 
Bxd5 22.Ng5 Rd8 23.Qf4 Bxg2 24.Kxg2 h6 25.Nf3 Bf8 26.h4 h5 27.e6 Bg7 28.
Ng5 Bh6 29.Qc4 Rd5 30.Nf7 Kh7 31.Re2 Rd1 32.Qc2 Rd5 33.Qb2 Bg7 34.Qc1 Rd4 
35.Qg5 Bf8 36.Rd2 c5 37.Rxd4 cxd4 38.Qf4 Qc5 39.Qf3 Qc6 40.Qxc6 bxc6 41.
Ne5 Kg7 42.Nxc6 Kf6 43.Nxd4 Bc5 44.Ne2 Kxe6 45.Nf4+ Kf6 46.Kf3 Bd6 47.Nh3 
Bc5 48.Ke2 Ba7 49.Nf4 Bc5 50.Nh3 Ba7 51.Nf4 Bc5 52.Nd3 Bd6 53.Kf3 1/2-1/2

[Event "19th EUR-ch"]
[Site "Batumi GEO"]
[Date "2018.03.25"]
[Round "8.10"]
[White "Hovhannisyan, Robert"]
[Black "Kravtsiv, Martyn"]
[Result "1/2-1/2"]
[WhiteElo "2601"]
[BlackElo "2685"]
[EventDate "2018.03.17"]
[PlyCount "51"]

1.e4 e5 2.Nf3 Nc6 3.Bb5 a6 4.Ba4 Nf6 5.O-O Be7 6.Nc3 b5 7.Bb3 O-O 8.d3 d6 
9.a3 Na5 10.Ba2 Be6 11.b4 Bxa2 12.Rxa2 Nc6 13.Bg5 Qd7 14.Bxf6 Bxf6 15.Nd5 
a5 16.c4 Ne7 17.Rc2 axb4 18.axb4 bxc4 19.Nxf6+ gxf6 20.dxc4 Ng6 21.c5 Rab8
22.cxd6 cxd6 23.Rc4 Rb5 24.Ne1 d5 25.Nc2 Rd8 26.exd5 1/2-1/2